Największe miasta Hiszpanii - Sprint - Statystyki

Ogólne statystyki
  • Ten quiz został rozwiązany 21 razy
  • Średni wynik to 4 z 5
Statystyki odpowiedzi
Populacja Miasta % Poprawnych
1,636,762 Barcelona
100%
3,266,126 Madryt
100%
688,592 Sewilla
80%
794,288 Walencja
65%
674,997 Saragossa
45%
Nie znaleziono quizów pasujących do podanych kryteriów
Rozkład punktacji
Procent ludzi z każdym wynikiem
Percentyl według liczby udzielonych odpowiedzi
Twoja historia wyników
Nie rozwiązałeś tego quizu